| 000 | 00791cab a2200253 4500 | ||
|---|---|---|---|
| 001 | WB3512-37 | ||
| 008 | 090401t1999 xxu||||| |||| 00| 0 eng d | ||
| 035 | _a(Sirsi) u92350 | ||
| 041 | _aeng | ||
| 245 | _aAgenda 2000 | ||
| 260 | _c1999 | ||
| 350 | _a0 | ||
| 490 |
_aFarmers' Weekly _v130(12) 19 March 1999, 25 & 26(2) |
||
| 520 | _aDiscusses the reforms proposed under Agenda 2000 and looks at their implications for farmers. Includes details of the arable reforms, including arable compensation, and measures affecting rural development. | ||
| 650 | _aAGENDA 2000 | ||
| 650 | _aAGRICULTURE | ||
| 650 | _aARABLE FARMING | ||
| 650 | _aCAP REFORM | ||
| 650 | _aCOMPENSATION | ||
| 650 | _aRURAL DEVELOPMENT | ||
| 690 | _aRURAL PRACTICE | ||
| 942 | _n0 | ||
| 948 | _c24/03/1999 | ||
| 999 |
_c58558 _d58558 |
||